| 000 | 00986cam a2200265 4500 | ||
|---|---|---|---|
| 001 | agr67000014 | ||
| 003 | DLC | ||
| 005 | 20260227111025.0 | ||
| 008 | 690606s1966 dcua b 000 0 eng c | ||
| 010 | _aagr67000014 | ||
| 040 |
_aU.S. Nat'l. Agr. Libr. _cDLC _dDLC |
||
| 050 | 0 | 0 |
_aS21.A72 _bno. 1360 |
| 070 | 0 | _a1 Ag84Te no. 1360 | |
| 082 | 0 | 0 | _a589.9/2 |
| 100 | 1 |
_aLyons, A. J., _d1932- |
|
| 245 | 0 | 0 |
_aStreptomyces griseus (Krainsky) Waksman and Henrici; _ba taxonomic study of some strains _c[by A. J. Lyons, Jr. and T. G. Pridham. |
| 260 |
_aWashington] _bAgricultural Research Service, U.S. Dept. of Agriculture _c[1966] |
||
| 300 |
_aiii, 31 p. _billus. _c24 cm. |
||
| 490 | 1 |
_aTechnical bulletin ; _vno. 1360 |
|
| 504 | _aBibliography: p. 29-31. | ||
| 650 | 0 | _aStreptomyces griseus. | |
| 650 | 3 | _aStreptomyces griseus. | |
| 700 | 1 |
_aPridham, Thomas Grenville, _d1920- _ejoint author. |
|
| 830 | 0 |
_aTechnical bulletin (United States. Department of Agriculture) ; _vno. 1360. |
|
| 999 |
_c12138 _d12138 |
||